[Event "Rasht Gilan Cup 1st"]
[Site "Rasht"]
[Date "2022.07.15"]
[Round "8"]
[White "Darini, Iliya"]
[Black "Atabayev, Saparmyrat"]
[Result "1-0"]
[WhiteElo "2028"]
[BlackElo "2447"]
[PlyCount "97"]
[EventDate "2022.07.09"]
[EventType "swiss"]
[EventRounds "9"]
[EventCountry "IRI"]
[SourceTitle "CBM 209 Extra"]
[Source "ChessBase"]
[SourceDate "2022.09.30"]
[SourceVersion "1"]
[SourceVersionDate "2022.09.30"]
[SourceQuality "1"]

1. e4 c5 2. Nc3 d6 3. d4 cxd4 4. Qxd4 a6 5. b3 Nc6 6. Qd2 Nf6 7. Bb2 e6 8. 0-0-0 b5 9. f3 Bb7 10. Kb1 Nd7 11. a4 bxa4 12. Nxa4 Nb6 13. Nxb6 Qxb6 14. Ne2 Rc8 15. Nc3 Qc7 16. Na4 e5 17. Bc4 Na5 18. Bd5 Bxd5 19. exd5 Be7 20. f4 0-0 21. Rhe1 f6 22. g4 Nb7 23. Re4 Bd8 24. g5 Qf7 25. gxf6 Bxf6 26. fxe5 dxe5 27. Bxe5 Bxe5 28. Rxe5 Nd6 29. Qe2 Qf4 30. Re7 Rce8 31. Nc5 Kh8 32. Rxe8 Rxe8 33. Rf1 Rxe2 34. Rxf4 h6 35. c4 Rxh2 36. Rd4 g5 37. Ne6 Re2 38. c5 Nf5 39. Rd3 Ne7 40. c6 Re1+ 41. Kb2 Re2+ 42. Ka3 Nxc6 43. dxc6 Rxe6 44. c7 Rc6 45. Rd8+ Kg7 46. c8Q Rxc8 47. Rxc8 g4 48. Kb2 g3 49. Rc3 1-0

[Event "Eastern Asia-ch U16"]
[Site "Tornelo INT"]
[Date "2021.10.30"]
[Round "5"]
[White "Pranav, Anand"]
[Black "Darini, Iliya"]
[Result "1-0"]
[WhiteElo "1707"]
[BlackElo "1730"]
[PlyCount "99"]
[EventDate "2021.10.29"]
[EventType "swiss"]
[EventRounds "9"]
[EventCountry "NET"]
[SourceTitle "CBM 205 Extra"]
[Source "ChessBase"]
[SourceDate "2022.01.31"]
[SourceVersion "1"]
[SourceVersionDate "2022.01.31"]
[SourceQuality "1"]

1. d4 Nf6 2. c4 g6 3. Nc3 d5 4. cxd5 Nxd5 5. e4 Nxc3 6. bxc3 Bg7 7. Be3 c5 8. Qd2 Qa5 9. Nf3 0-0 10. Rc1 Nd7 11. Bd3 e5 12. d5 f5 13. c4 Qxd2+ 14. Bxd2 fxe4 15. Bxe4 Nf6 16. Bb1 Ne8 17. Ng5 Nd6 18. Ne4 Nxe4 19. Bxe4 Bf5 20. f3 Kf7 21. g4 Bxe4 22. fxe4 Ke7 23. Ke2 Kd6 24. Rb1 Rf7 25. Be3 Bf6 26. Rhf1 Raf8 27. Bh6 b6 28. Bxf8+ Rxf8 29. g5 Bg7 30. Rxf8 Bxf8 31. Rf1 Be7 32. h4 b5 33. cxb5 c4 34. Rf7 Bd8 35. Rxh7 Kc5 36. h5 c3 37. Kd3 Ba5 38. hxg6 a6 39. g7 Kb4 40. g8Q axb5 41. d6 Bb6 42. Qb3+ Kc5 43. Qxc3+ Kxd6 44. Rh6+ Ke7 45. Qxe5+ Kd8 46. Qd6+ Ke8 47. Rh8+ Kf7 48. Rf8+ Kg7 49. Qf6+ Kh7 50. Rh8# 1-0

[Event "Eastern Asia-ch U16"]
[Site "Tornelo INT"]
[Date "2021.10.29"]
[Round "1"]
[White "Darini, Iliya"]
[Black "Yousefi, Arya"]
[Result "1-0"]
[WhiteElo "1730"]
[BlackElo "1240"]
[PlyCount "47"]
[EventDate "2021.10.29"]
[EventType "swiss"]
[EventRounds "9"]
[EventCountry "NET"]
[SourceTitle "CBM 205 Extra"]
[Source "ChessBase"]
[SourceDate "2022.01.31"]
[SourceVersion "1"]
[SourceVersionDate "2022.01.31"]
[SourceQuality "1"]

1. e4 c5 2. Nc3 d6 3. d4 cxd4 4. Qxd4 a6 5. b3 Nc6 6. Qd2 Nf6 7. Bb2 e6 8. 0-0-0 Be7 9. h3 0-0 10. f4 b5 11. Bd3 b4 12. Na4 Bd7 13. Qf2 Rb8 14. g4 Na5 15. g5 Ne8 16. Kb1 Bxa4 17. bxa4 Qd7 18. h4 Qxa4 19. f5 Nc6 20. f6 g6 21. fxe7 Nxe7 22. h5 Qc6 23. Qh2 a5 24. hxg6 1-0